<?xml version="1.0" encoding="UTF-8"?>
<record
    xmlns:xsi="http://www.w3.org/2001/XMLSchema-instance"
    xsi:schemaLocation="http://www.loc.gov/MARC21/slim http://www.loc.gov/standards/marcxml/schema/MARC21slim.xsd"
    xmlns="http://www.loc.gov/MARC21/slim">

  <leader>00214nam a2200085   4500</leader>
  <controlfield tag="001">1256865</controlfield>
  <controlfield tag="005">20260112113418.0</controlfield>
  <datafield tag="245" ind1=" " ind2=" ">
    <subfield code="a">NEMRUT DA&#x11E;I KRALLARIN G&#x130;ZEML&#x130; TAHTI</subfield>
    <subfield code="c">Y&#xDC;CEL KAYA</subfield>
  </datafield>
  <datafield tag="260" ind1=" " ind2=" ">
    <subfield code="b">GEN&#xC7; HAYAT YAYINLARI</subfield>
  </datafield>
  <datafield tag="999" ind1=" " ind2=" ">
    <subfield code="c">1256865</subfield>
    <subfield code="d">1256865</subfield>
  </datafield>
  <datafield tag="952" ind1=" " ind2=" ">
    <subfield code="0">0</subfield>
    <subfield code="1">0</subfield>
    <subfield code="2">ddc</subfield>
    <subfield code="4">0</subfield>
    <subfield code="7">0</subfield>
    <subfield code="a">1054</subfield>
    <subfield code="b">1054</subfield>
    <subfield code="d">2026-01-12</subfield>
    <subfield code="l">0</subfield>
    <subfield code="o">J1</subfield>
    <subfield code="p">10545369</subfield>
    <subfield code="r">2026-01-12 11:34:35</subfield>
    <subfield code="w">2026-01-12</subfield>
    <subfield code="y">BK</subfield>
  </datafield>
</record>
